书目信息 |
| 题名: |
义务教育信息科技课程标准
|
|
| 作者: | ;教育部 | |
| 分册: | ||
| 出版信息: | 北京 北京师范大学出版社 2022 |
|
| 页数: | ||
| 开本: | 30cm | |
| 丛书名: | ||
| 单 册: | ||
| 中图分类: | G633.673 | |
| 科图分类: | ||
| 主题词: | 教育--各级 | |
| 电子资源: | ||
| ISBN: | 978-7-303-27594-6 | |
| 000 | 00574nam0 2200181 450 | |
| 001 | 2333578286 | |
| 005 | 20230512091938.28 | |
| 010 | @a978-7-303-27594-6@dCNY13.00 | |
| 100 | @a20230512d km y0chiy0120 ea | |
| 101 | 0 | @achi |
| 200 | 1 | @a义务教育信息科技课程标准@AYi Wu Jiao Yu Xin Xi Ke Ji Ke Cheng Biao Zhun@f教育部@FJiao Yu Bu |
| 210 | @a北京@c北京师范大学出版社@d2022 | |
| 215 | @d30cm | |
| 606 | 0 | @a教育@x各级 |
| 690 | @aG633.673@v4 | |
| 711 | 02 | @a教育部@AJiao Yu Bu |
| 801 | 0 | @aCN@b大连网信软件有限公司图书馆·11@c20230512 |
| 905 | @aZUCC@b7872252@dG633.673@eJY1154@f1 | |
| 义务教育信息科技课程标准/教育部.-北京:北京师范大学出版社,2022 |
| 30cm |
| ISBN 978-7-303-27594-6:CNY13.00 |
| ● |
| 相关链接 |
|
|
|
|
正题名:义务教育信息科技课程标准
索取号:G633.673/JY1154
 
预约/预借
| 序号 | 登录号 | 条形码 | 馆藏地/架位号 | 状态 | 备注 |
| 1 | 7872237 | 278722376 | 教育系资料室/ [索取号:G633.673/JY1154] | 在馆 | |
| 2 | 7872242 | 278722429 | 教育系资料室/ [索取号:G633.673/JY1154] | 在馆 | |
| 3 | 7872243 | 278722438 | 教育系资料室/ [索取号:G633.673/JY1154] | 在馆 | |
| 4 | 7872249 | 278722492 | 教育系资料室/ [索取号:G633.673/JY1154] | 在馆 | |
| 5 | 7872252 | 278722526 | 教育系资料室/ [索取号:G633.673/JY1154] | 在馆 |